000 01285cam a2200337 i 4500
999 _c66067
_d66067
001 768714001
003 CO-MdFUSB
005 20200901135630.0
007 ta
008 950331t19941994maua b 001 0 eng
010 _a94021262
020 _a1565630424
040 _aDLC
_cCO-MdFUSB
_dLDL
_dCO-MdFUSB
_dCAP
_dUtOrBLW
_bspa
_erda
041 _aeng
082 _223
_a231.765
_bS589
100 1 _aSimkins, Ronald.
_eautor
245 1 0 _aCreator & creation :
_bnature in the worldview of ancient Israel /
_cRonald A. Simkins.
264 1 _aPeabody, Mass. :
_bHendrickson Publishers,
_c[2003]
264 4 _c© 2003
300 _a306 páginas :
_bilustraciones ;
_c22 cm.
336 _atexto
_btxt
_2rdacontent.
337 _asin mediación
_bn
_2rdamedia.
338 _avolumen
_bnc
_2rdacarrier.
504 _aIncluye referencias bibliográficas e índices.
505 _aIntroducción: La Biblia y el medio ambiente - Ecología, cosmovisión y valores hacia la naturaleza - Creación en el antiguo Cercano Oriente - Creación en la Biblia - Dios, humanos y el mundo natural - En el principio: los mitos de la creación - Al final: los mitos escatológicos.
563 _aRústico
650 7 _aCreación
_9251
942 _cBK
945 _aJTF-925